Intellectual prorety risk management / (Record no. 104686)

MARC details
000 -LEADER
fixed length control field 00671nam a22002057a 4500
005 - DATE AND TIME OF LATEST TRANSACTION
control field 20161122105655.0
010 ## - LCCN (DPL NO)
LC control number ENG-116599
020 ## - INTERNATIONAL STANDARD BOOK NUMBER
International Standard Book Number 9789351437956
Terms of availability 795.00
035 ## - SYSTEM CONTROL NUMBER
System control number EN-100131
037 ## - SOURCE OF ACQUISITION
Source of stock number/acquisition DBAD/PUB
082 ## - DEWEY DECIMAL CLASSIFICATION NUMBER
Classification number 346.54048
100 ## - MAIN ENTRY--PERSONAL NAME
Personal name Ravindran,Sudhir Raja
245 ## - TITLE STATEMENT
Title Intellectual prorety risk management /
Statement of responsibility, etc by Sudhir Raja Ravindran
250 ## - EDITION STATEMENT
Edition statement 9th ed. by S.S. Subramani
260 ## - PUBLICATION, DISTRIBUTION, ETC. (IMPRINT)
Place of publication, distribution, etc Gurgaon
Name of publisher, distributor, etc Lexis Nexis
Date of publication, distribution, etc 2016
270 ## - ADDRESS
Address 14th floor, Building no 10, tower-B, DLF Cyber City, Phase-II,
City Gurgaon (Haryana 0
Postal code 122002
300 ## - PHYSICAL DESCRIPTION
Extent xxvii, 451p
Dimensions 23cm(pbk)
500 ## - GENERAL NOTE
General note Includes index
942 ## - ADDED ENTRY ELEMENTS (KOHA)
Source of classification or shelving scheme Dewey Decimal Classification
Item type English Books
Classification part 346.54048
Call number suffix RAV
Holdings
Withdrawn status Lost status Not for loan Collection code Home library Current library Date acquired Source of acquisition Cost, normal purchase price Full call number Barcode Copy number Cost, replacement price Koha item type
      Non-fiction D.B.Act.Division Mobile Library 21/11/2016 DBAD/PUB 795.00 346.54048 RAV EN-100131 1 795.00 English Books

© Delhi Public Library
Hit Counter
free hit counter